=LDR 00000nam 2200000 4500 =001 INLIS000000000006245 =005 20251106084339 =035 ##$$a 0010-1125000119 =007 ta =008 251106###########################0#ind## =082 ##$$a 363.970 =084 ##$$a 363.970 BAD k =100 #$$a Badan Koordinasi Keluarga Berencana Nasional =245 1#$$a Konsepsi Pembangunan Gerakan Keluarga Berencana Nasional /$c Badan Koordinasi Keluarga Berencana Nasional =260 ##$$a Jakarta :$b Badan Koordinasi Keluarga Berencana Nasional,$c 1991 =300 ##$$a 13 Hal : $b Ilus ; $c 21 =650 #4$$a Keluarga Berencana =856 ##$$a Perpustakaan Kemendukbangga